| 000 | 00857nam a2200277 i 4500 | ||
|---|---|---|---|
| 001 | bg | ||
| 100 | 1 |
_aKopaliński, Władysław _d(1918-2007). |
|
| 245 | 1 | 0 |
_aSłownik przypomnień. _nCz. 1, _pTropy od A do Ś / _cWładysław Kopaliński. |
| 260 |
_aWarszawa : _bOficyna Wydawnicza Rytm, _ccop.2007. |
||
| 300 |
_a346 s. ; _c25 cm. |
||
| 490 | 1 |
_aSłowniki / "Rzeczpospolita" ; _vT. 7 |
|
| 650 | 9 | _aSłownik polski | |
| 650 | 9 |
_aJęzyk polski _xwyrazy obce |
|
| 650 | 9 | _aSynonimy polskie | |
| 655 | _aSłowniki | ||
| 830 | 0 |
_aSłowniki - "Rzeczpospolita" ; _vT. 7 |
|
| 020 | _a9788360688816 | ||
| 040 | _cBPK | ||
| 041 | 0 | _apol | |
| 044 | _aPOL | ||
| 080 | _a811.162.1'373.45'374 | ||
| 920 | _a978-83-60688-81-6 | ||
| 942 | _cKS | ||
| 008 | s pl f |000 0 pol | ||
| 999 |
_c54518 _d54518 |
||